000 00971cam a2200289 a 4500
005 20260322212007.0
008 data
010 _a 2006926130
020 _a0738548588 (pbk.)
020 _a9780738548586 (pbk.)
040 _aDLC
_cDLC
_dDLC
043 _an-us-az
050 0 0 _aF819.P9
_bW55 2006
082 0 0 _a979.1/57
_222
092 _a979.1 W55 2006
100 1 _aWildfang, Frederic B.
245 1 0 _aPrescott /
_cFrederic B. Wildfang & Sharlot Hall Museum (Prescott, Ariz.).
260 _aCharleston, SC :
_bArcadia Pub.,
_cc2006.
300 _a127 p. :
_bchiefly ill., maps ;
_c24 cm.
490 0 _aImages of America
650 0 _aHistoric buildings
_zPrescott
_zPrescott
_vPictorial works.
651 0 _aPrescott (Ariz.)
_xHistory
_vPictorial works.
651 0 _aPrescott (Ariz.)
_vPictorial works.
_vPictorial works.
651 0 _aPrescott (Ariz.)
_xBuildings, structures, etc.
_vPictorial works.
710 2 _aSharlot Hall Museum (Prescott, Ariz.)
001 data
999 _c136
_d136